Normal view
MARC view
- GOVERNMENT AND POLITICS OF ASIAN COUNTRIES
Entry Topical Term
001 - CONTROL NUMBER
- control field: 79887
003 - CONTROL NUMBER IDENTIFIER
- control field: NUST
005 - DATE AND TIME OF LATEST TRANSACTION
- control field: 20210628210539.0
008 - FIXED-LENGTH DATA ELEMENTS
- fixed length control field: 210628|| aca||aabn | a|a d
040 ## - CATALOGING SOURCE
- Original cataloging agency: NUST
- Transcribing agency: NUST
150 ## - HEADING--TOPICAL TERM
- Topical term or geographic name entry element: GOVERNMENT AND POLITICS OF ASIAN COUNTRIES
670 ## - SOURCE DATA FOUND
- Source citation: Work cat.: (NUST): Grover, Verinder 79886, Government and politics of asian countries, 2000
